000 00710nam a2200241Ia 4500
003 OSt
005 20221006165057.0
006 a|||||r|||| 00| 0
007 ta
008 221006b |||||||| |||| 00| 0 hin d
024 _a4,112
037 _cTextual
040 _aFML
_cFML
_bhin
041 _2hin
_ahin
082 _aNR44, 25, P9.1 -.2 -; 1
100 _aGarg Lakshminarayan Au.
245 0 _aSangeet Taal Parichaya
_b Bhaag 1; Sangeet Taal Parichaya Bhaag 2
260 _aHathras
_bSangeet Karyalaya India
_c2009
300 _a242 , 368
_ccm.
490 _v01
942 _hNR44, 25, P9.1 -.2 -; 1
_cTEXL
_2CC
999 _c1119519
_d1119519